| 000 | 01704nam a2200397 a 4500 | ||
|---|---|---|---|
| 001 | ebr10628392 | ||
| 003 | CaPaEBR | ||
| 006 | m u | ||
| 007 | cr cn||||||||| | ||
| 008 | 120426s2012 ncu sb 001 0 eng d | ||
| 010 | _z 2012016634 | ||
| 020 | _z9780807837139 (cloth : alk. paper) | ||
| 020 | _z9780807872499 (pbk. : alk. paper) | ||
| 020 | _z9780807837511 (e-book) | ||
| 040 |
_aCaPaEBR _cCaPaEBR |
||
| 035 | _a(OCoLC)819070473 | ||
| 043 | _as-bo--- | ||
| 050 | 1 | 4 |
_aHD1333.B5 _bF33 2012eb |
| 082 | 0 | 4 |
_a333.3/184 _223 |
| 100 | 1 | _aFabricant, Nicole. | |
| 245 | 1 | 0 |
_aMobilizing Bolivia's displaced _h[electronic resource] : _bindigenous politics & the struggle over land / _cNicole Fabricant. |
| 260 |
_aChapel Hill : _bUniversity of North Carolina Press, _cc2012. |
||
| 300 | _axv, 257 p. | ||
| 490 | 1 | _aFirst peoples : new directions in indigenous studies | |
| 504 | _aIncludes bibliographical references and index. | ||
| 533 |
_aElectronic reproduction. _bPalo Alto, Calif. : _cebrary, _d2011. _nAvailable via World Wide Web. _nAccess may be limited to ebrary affiliated libraries. |
||
| 610 | 2 | 0 | _aMovimiento Sin Tierra (Bolivia) |
| 650 | 0 |
_aLand reform _zBolivia _xHistory _y20th century. |
|
| 650 | 0 |
_aPeasants _xPolitical activity _zBolivia _xHistory _y20th century. |
|
| 650 | 0 |
_aIndians of South America _xLand tenure _zBolivia _xHistory _y20th century. |
|
| 650 | 0 |
_aIndians of South America _zBolivia _xPolitics and government. |
|
| 655 | 7 |
_aElectronic books. _2local |
|
| 710 | 2 | _aebrary, Inc. | |
| 830 | 0 | _aFirst peoples (2010) | |
| 856 | 4 | 0 |
_uhttp://site.ebrary.com/lib/rucke/Doc?id=10628392 _zAn electronic book accessible through the World Wide Web; click to view |
| 999 |
_c49925 _d49925 |
||